000 00608cab a2200193 4500
001 ABS42345
008 090401t1990 xxu||||| |||| 00| 0 eng d
035 _a(Sirsi) u36300
041 _aeng
100 _aLamb, D.
245 _aBuilding business
260 _c1990
350 _a0
490 _aMoney Management
_vApril 1990, 47-54(6)
520 _aDetailed survey of commercial mortgages looking at the major lenders, repayment methods, tax relief and commercial brokers and including three case studies.
690 _aPROPERTY-PROPERTY FINANCE AND INVESTMENT
942 _n0
948 _c04/03/1997
999 _c23622
_d23622